3 letter words test - Statistics

General Stats
  • This quiz has been taken 5 times
  • The average score is 3 of 17
Answer Stats
Hint % Correct
cat
80%
dog
60%
Ant
20%
Bat
20%
bob
20%
Fun
20%
God
20%
hat
20%
mom
20%
Tom
20%
Fly
0%
her
0%
him
0%
how
0%
omg
0%
sun
0%
why
0%
No matching quizzes found
Score Distribution
Percent of People with Each Score
Percentile by Number Answered
Your Score History
You have not taken this quiz